00695 2200253 4500001002100000005001700021008004100038020001800079035002400097082001100121090001800132100001900150245009800169250001100267260003500278300003000313650001700343700001900360850001500379980001300394985000600407986001300413999001500426YOGYA-0209000001682320090227022705.0 ind  a979-489-114-2 0010-020900000016823 a589.45 a589.45bInd B aINDRIANI, Hety aBudidaya, Pengolahan, dan pemasaran rumput lautcTim penulis PS, Hety Indriani, Emi Sumiarsih aCet. 2 aJakartabPenebar Swadayac1994 aviii, 99 hlmbilusc21 cm aTanaman laut aSUNIARSIH, Emi aYOPDYOG(B) a02-12-05 a1 afwhRTREV a95P0057891